00477nam a22001577a 4500003000200000005001700002008004100019020001800060050002200078100003000100245004300130260004500173300003700218504005100255650001300306020241114132240.0241114b xxu||||| |||| 00| 0 eng d a9798891610682 aQC 23b.St74 2024 aStevens, Oliver,eauthor. aFundamental physics /cOliver Stevens. aJersey City, USA :bAlexis Press,c2024. ax, 356 p. :bcol. ill. ;c24 cm. aIncludes bibliographical references and index. aPhysics.